La Teoría de los Delitos de infracción de Deber y su aplicación a la Evasión tributaria (Record no. 4482)
[ view plain ]
| 000 -CABECERA | |
|---|---|
| campo de control de longitud fija | 00675nam a22001577a 4500 |
| 080 ## - NUMERO DE CLASIFICACION DECIMAL UNIVERSAL (CDU) | |
| Número de la Clasificación Decimal Universal | 336.21.26 So 83 |
| 100 ## - ASIENTO PRINCIPAL--NOMBRE PERSONAL | |
| Código del relacionador | Autor |
| Nombre personal | Soule, Paula M. |
| 245 ## - MENCION DE TITULO | |
| Título propiamente dicho | La Teoría de los Delitos de infracción de Deber y su aplicación a la Evasión tributaria |
| 300 ## - DESCRIPCION FISICA | |
| Extensión | 102 p. |
| 500 ## - NOTA GENERAL | |
| Nota general | Director de tesis: |
| 502 ## - NOTA DE TESIS | |
| Nota de tesis | Tesis (Doctorado)- Universidad Nacional de Castilla-Lla Mancha-Universidad Nacional de Mar del Plata. Facultad de Derecho Departamento de Posgrado, 2011- 2012. |
| 504 ## - NOTA DE BIBLIOGRAFIA, ETC. | |
| Nota de bibliografía, etc. | Bibliografía: 97- 102. |
| 650 ## - ASIENTO SECUNDARIO DE MATERIA - TERMINO TEMATICO | |
| Fuente del encabezamiento o término | Tesauro de Biblioteconomía y Documentación |
| Término temático o nombre geográfico como elemento de entrada | delitos de infraccion de deber |
| -- | delitos de dominio |
| -- | evasion tributaria |
| -- | delitos tributarios |
| 945 ## - INFORMACION DE PROCESAMIENTO LOCAL | |
| Responsable de carga/modificación | Celeste Delía |
| Fecha de ingreso o modificación | 2017-06-09 |
| Retirado | Perdido | Dañado | No se presta | Ubicación permanente | Locación actual | Estante o sala | Fecha de adquisición | Enumeración, cronología para publ. seriadas | Signatura topográfica | Inventario | Ultima fecha vista | Tipo de item de Koha |
|---|---|---|---|---|---|---|---|---|---|---|---|---|
| Bib. Derecho | Bib. Derecho | Biblioteca Graduados | 09/06/2017 | 2011- 2012. | 336.21.26 So 83 | 301626 | 09/06/2017 | Tesis de posgrado |
